Normal view
MARC view
Entry Personal Name
001 - CONTROL NUMBER
- control field: 26768
003 - CONTROL NUMBER IDENTIFIER
- control field: OSt
005 - DATE AND TIME OF LATEST TRANSACTION
- control field: 20210811124928.0
008 - FIXED-LENGTH DATA ELEMENTS
- fixed length control field: 210811|| aca||aabn | a|a d
040 ## - CATALOGING SOURCE
- Original cataloging agency: OSt
- Transcribing agency: OSt
100 ## - HEADING--PERSONAL NAME
- Personal name: Murray, Eleanor J.
670 ## - SOURCE DATA FOUND
- Source citation: Work cat.: (OSt)517526: Murray, Eleanor J., Epidemiology's time of need: COVID-19 calls for epidemic-related economics
